Premier League: Top Five Top Scorer per Year Quiz Stats

Quiz Updated May 23, 2018

Challenge
Share
Tweet
Embed
Score 0/90 Timer 07:00
104 Plays Today
Year Top Scorer % Correct
2017-18Harry Kane
98.1%
2014-15Harry Kane
98.1%
2015-16Harry Kane
98.1%
2016-17Harry Kane
98.1%
2014-15Wayne Rooney
97.1%
2011-12Wayne Rooney
97.1%
2009-10Wayne Rooney
97.1%
2004-05Wayne Rooney
97.1%
2017-18Sergio Agüero
97%
2011-12Sergio Agüero
97%
2014-15Sergio Agüero
97%
2016-17Sergio Agüero
97%
2015-16Sergio Agüero
97%
2015-16Jamie Vardy
96.6%
2017-18Mohamed Salah
96.1%
2014-15Diego Costa
93.5%
2016-17Diego Costa
93.5%
2017-18Romelu Lukaku
93.3%
2014-15Alexis Sánchez
91.5%
2016-17Alexis Sánchez
91.5%
2013-14Eden Hazard
91.4%
2017-18Eden Hazard
91.4%
2015-16Olivier Giroud
91.1%
2013-14Olivier Giroud
91.1%
2013-14Luis Suárez
90.6%
2005-06Thierry Henry
88.6%
2004-05Thierry Henry
88.6%
2003-04Thierry Henry
88.6%
2002-03Thierry Henry
88.6%
2001-02Thierry Henry
88.6%
Year Top Scorer % Correct
2000-01Thierry Henry
88.6%
2009-10Didier Drogba
87.2%
2006-07Didier Drogba
87.2%
2012-13Robin van Persie
86.3%
2011-12Robin van Persie
86.3%
2010-11Robin van Persie
86.3%
2008-09Robin van Persie
86.3%
2006-07Robin van Persie
86.3%
2016-17S. Mane & P. Coutinho
85.3%
2013-14Romelu Lukaku
84%
2012-13Frank Lampard
81.6%
2007-08Frank Lampard
81.6%
2005-06Frank Lampard
81.6%
2004-05Frank Lampard
81.6%
2008-09Cristiano Ronaldo
79.7%
2007-08Cristiano Ronaldo
79.7%
2006-07Cristiano Ronaldo
79.7%
2011-12Demba Ba
76.9%
2003-04Alan Shearer
76.7%
2002-03Alan Shearer
76.7%
2001-02Alan Shearer
76.7%
2008-09Steven Gerrard
75%
2005-06Steven Gerrard
75%
2012-13Edin Džeko
73.9%
2007-08Fernando Torres
73.1%
2003-04Michael Owen
69.3%
2002-03Michael Owen
69.3%
2001-02Michael Owen
69.3%
2000-01Michael Owen
69.3%
2005-06Ruud van Nistelrooy
68.8%
Year Top Scorer % Correct
2003-04Ruud van Nistelrooy
68.8%
2002-03Ruud van Nistelrooy
68.8%
2001-02Ruud van Nistelrooy
68.8%
2015-16Anthony Martial
68.6%
2013-14Yaya Touré
68.5%
2001-02M. Viduka & R. Fowler
65.5%
2009-10Carlos Tevez
65.2%
2010-11Carlos Tevez
65.2%
2010-11Dimitar Berbatov
64.4%
2006-07Dimitar Berbatov
64.4%
2012-13Gareth Bale
59.1%
2009-10Jermain Defoe
57.6%
2012-13Theo Walcott
52.5%
2011-12Emmanuel Adebayor
51.5%
2007-08Emmanuel Adebayor
51.5%
2000-01Mark Viduka
49.7%
2005-06Robbie Keane
49%
2000-01Teddy Sheringham
44.6%
2008-09Nicolas Anelka
44.2%
2002-03Gianfranco Zola
36.5%
2003-04Jimmy Floyd Hasselbaink
33.8%
2008-09T. Cahill & M. Fellaini
33.7%
2004-05Tim Cahill
31.5%
2009-10Cesc Fàbregas
30.5%
2006-07Dirk Kuyt
27.5%
2004-05Milan Baroš
22.9%
2010-11Florent Malouda
22.7%
2010-11Rafael van der Vaart
22.3%
2000-01Marcus Stewart
18.5%
2007-08Yakubu
17.6%

You're not logged in!

Compare scores with friends on all Sporcle quizzes.
Join for Free
OR
Log In

You Might Also Like...

Show Comments

Extras

Top Quizzes Today


Score Distribution

Your Account Isn't Verified!

In order to create a playlist on Sporcle, you need to verify the email address you used during registration. Go to your Sporcle Settings to finish the process.

Report this User

Report this user for behavior that violates our Community Guidelines.

Details: